Oscar Supporting Actor to Movie - Statistics

General Stats
  • This quiz has been taken 17 times
  • The average score is 18 of 29
Answer Stats
Actor Year of Release Movie % Correct
Robin Williams 1997 Good Will Hunting
82%
Robert Downey Jr. 2023 Oppenheimer
82%
Heath Ledger 2008 The Dark Knight
82%
Joe Pesci 1990 Goodfellas
76%
Christopher Waltz 2009 Inglourious Basterds
76%
Cuba Gooding Jr. 1996 Jerry Maguire
76%
Christopher Walken 1978 The Deer Hunter
76%
Robert De Niro 1974 The Godfather Part II
76%
Jared Leto 2013 Dallas Buyers Club
71%
2012 Django Unchained
71%
Tommy Lee Jones 1994 The Fugitive
71%
Sean Connery 1987 The Untouchables
71%
2018 Green Book
65%
Javier Bardem 2007 No Country For Old Men
65%
Brad Pitt 2019 Once Upon a Time...in Hollywood
65%
J. K. Simmons 2014 Whiplash
65%
Denzel Washington 1989 Glory
59%
Morgan Freeman 2004 Million Dollar Baby
59%
Mahershala Ali 2016 Moonlight
59%
Kevin Spacey 1995 The Usual Suspects
59%
Tim Robbins 2003 Mystic River
53%
Christian Bale 2010 The Fighter
53%
Benicio del Toro 2000 Traffic
53%
Frank Sinatra 1953 From Here to Eternity
47%
Gene Hackman 1992 Unforgiven
47%
George Clooney 2005 Syriana
41%
Karl Malden 1951 A Streetcar Named Desire
35%
Jack Nicholson 1983 Terms of Endearment
35%
Daniel Kaluuya 2020 Judas and the Black Messiah
29%
No matching quizzes found
Score Distribution
Percent of People with Each Score
Percentile by Number Answered
Your Score History
You have not taken this quiz